000 00592 a2200181 4500
003 NUST
038 _aa
082 _aBICSE-6
100 _aAmeera Akhtar
_993286
245 _aDesign and implementation of UWB vivaldi antenna
_cAmeera Akhtar
260 _aIslamabad
_bNUST School of Electrical Engineering and Computer Science
_c2012
300 _a52p.
_b:ill.
_c:27cm.+
_eCD-ROM
500 _aSupervisors: Mr. Yasir Iqbal, Mr. Ahsan Azhar
563 _aa
700 _aSammar Askari
_993287
856 _uhttp://10.250.8.41:8080/xmlui/handle/123456789/10280
942 _cTHE
_kBICSE-6 AME
_2ddc
999 _c11254
_d11254